• 首页
  • 本馆介绍
  • 公告通知
  • 最新文献
  • 馆藏检索
  • 电子资源
  • 读者导购
  • 参考咨询
  • 我的图书馆
  • 登录
  • 详细信息显示
  • 放入我的书架
  • 预约/预借图书
  • 作者相关作品
  • 分类相关作品
  • 丛书相关作品
  • 出版社相关作品

书目信息

  • 表格格式
  • 工作单格式
  • 卡片格式
题名:
朱元璋
    
 
作者: 度阴山 著
分册:  
出版信息: 南京   江苏凤凰文艺出版社  2020
页数: 295页
开本: 24cm
丛书名: 这本史书真好看文库
单 册:
中图分类: K827=48 , K827
科图分类:
主题词:
电子资源:
ISBN: 978-7-5594-4759-3
000 00663nam0 2200229 450
001 2134471008
005 20210104093444.97
010    @a978-7-5594-4759-3@dCNY49.90
100    @a20200728d2020 em y0chiy50 ea
101 0  @achi
102    @aCN@b320000
105    @ay z 000yb
200 1  @a朱元璋@9zhu yuan zhang@b专著@e高筑墙!广积粮!缓称王!@f度阴山著
210    @a南京@c江苏凤凰文艺出版社@d2020
215    @a295页@d24cm
225 1  @a这本史书真好看文库@v087
600  0 @a朱元璋@f(1328-1398)@x传记
690    @aK827=48@v5
690    @aK827@v4
701  0 @a度阴山@9du yin shan@f(197?-)@4著
801  2 @aCN@b58marc.cn@c20200905
905    @aMUSE@dK827@e335
    
    朱元璋:高筑墙!广积粮!缓称王!/度阴山著.-南京:江苏凤凰文艺出版社,2020
    295页;24cm.-(这本史书真好看文库;087)
    
    
    ISBN 978-7-5594-4759-3:CNY49.90
    
●
相关链接 在五车中查询图书 在当当中查询图书 在豆瓣中查询图书


正题名:朱元璋     索取号:K827/335         预约/预借

序号 登录号 条形码 馆藏地/架位号 状态 备注
1 2000877938   2000877938   第二书库/ [索取号:K827/335] 已借出,限还日期为2026.04.27
借出人:马家辉  
 
2 2000877939   2000877939   第二书库/ [索取号:K827/335] 在馆    
3 2000877940   2000877940   第二书库/ [索取号:K827/335] 在馆    
山东省滨州职业学院图书馆 欢迎您!
大连网信软件有限公司© 版权所有